| 000 | 00603nam a2200193Ia 4500 | ||
|---|---|---|---|
| 003 | GCL | ||
| 008 | 140319s9999 xx 000 0 ara d | ||
| 040 |
_aGCL / _cGCL |
||
| 082 | 0 | 4 |
_a813.03 _bهـ م |
| 100 | 1 |
_aمصطفى ماهر _vAnnotator _@ _٠عÙÙ |
|
| 245 | 1 | 0 |
_aالمرأة العسراء / _cمصطفى ماهر |
| 700 | 1 | _aهاندكة، بيتر | |
| 260 |
_aالقاهرة : _bالمجلس الاعلى للثقافة ، _c1993 |
||
| 300 |
_a136 ص ؛ _c19 سم |
||
| 490 | _a | ||
| 650 | 0 | 4 | _aالادب العربى |
| 650 | 0 | 4 | _aالقصص العربية |
| 942 |
_2ddc _cBK |
||
| 999 |
_c56790 _d56790 |
||